000 00548nam a2200193 a 4500
001 1772625971776
003 YourLibrary
005 20260304173724.0
008 260304s1994##################000#0#eng##
020 _a9780333482271
082 0 4 _a327.470549109
_bMAL
100 1 _aMalik, Hafeez,
_eauthor.
245 1 0 _aSoviet-Pakistan Relations and Post-Soviet Dynamics, 1947–92 :
260 _bPalgrave Macmillan,
_c1994.
300 _a408 pages
650 0 _aPolitical Science.
942 _cENGLISH
040 _aYourLibrary
_beng
_cYourLibrary
999 _c616898
_d616898